Logo CIB grande

Álgebra y trigonometría (Registro nro. 236775)

Detalles MARC
000 -LEADER
campo de control de longitud fija 00518nam a2200193Ia 4500
005 - FECHA Y HORA DE LA ÚLTIMA TRANSACCIÓN
campo de control 20250425162814.0
008 - DATOS DE LONGITUD FIJA--INFORMACIÓN GENERAL
campo de control de longitud fija 250425s9999 xx 000 0 und d
020 ## - NÚMERO INTERNACIONAL ESTÁNDAR DEL LIBRO
Número Internacional Estándar del Libro 9786073221924
041 ## - CÓDIGO DE IDIOMA
--
Código de lengua original eng
082 ## - NÚMERO DE LA CLASIFICACIÓN DECIMAL DEWEY
Número de clasificación 512.13
Iniciales del Autor SUL
010 ## - NÚMERO DE CONTROL DE LA BIBLIOTECA DEL CONGRESO
Número de control de LC 109329
100 ## - ENTRADA PRINCIPAL--NOMBRE DE PERSONA
Nombre de persona Sullivan, Michael
245 #0 - MENCIÓN DEL TÍTULO
Título Álgebra y trigonometría
Mención de responsabilidad, etc. Michael Sullivan
260 ## - PUBLICACIÓN, DISTRIBUCIÓN, ETC.
Lugar de publicación, distribución, etc. México, D.F
Nombre del editor, distribuidor, etc. PEARSON
Fecha de publicación, distribución, etc. 2013
300 ## - DESCRIPCIÓN FÍSICA
Extensión 1010 p.
Otras características físicas gráficos
Dimensiones 27 cm.
500 ## - NOTA GENERAL
Nota general Incluye apéndice
600 ## - PUNTO DE ACCESO ADICIONAL DE MATERIA--NOMBRE DE PERSONA
Nombre de persona Álgebra y Trigonometría
942 ## - ELEMENTOS DE ENTRADA SECUNDARIOS (KOHA)
Tipo de ítem Koha Libros
Existencias
Estatus retirado Estado de pérdida Estado de daño No para préstamo Biblioteca de origen Biblioteca actual Ubicación en estantería Fecha de adquisición Coste, precio normal de compra Etiqueta RFID Total de préstamos Código de barras Copia número Tipo de ítem Koha
        CENTRO DE INFORMACIÓN BIBLIOTECARIA CENTRO DE INFORMACIÓN BIBLIOTECARIA   31/08/2020 0.01 0000000000000000035329   80084 1 Libros
        CENTRO DE INFORMACIÓN BIBLIOTECARIA CENTRO DE INFORMACIÓN BIBLIOTECARIA   31/08/2020 0.01 0000000000000000035330   80085 2 Libros
        CENTRO DE INFORMACIÓN BIBLIOTECARIA CENTRO DE INFORMACIÓN BIBLIOTECARIA   31/08/2020 0.01 0000000000000000035332   80086 3 Libros
        CENTRO DE INFORMACIÓN BIBLIOTECARIA CENTRO DE INFORMACIÓN BIBLIOTECARIA   31/08/2020 0.01 0000000000000000035331   80087 4 Libros
        CENTRO DE INFORMACIÓN BIBLIOTECARIA CENTRO DE INFORMACIÓN BIBLIOTECARIA   31/08/2020 0.01 0000000000000000035319   80088 5 Libros

Copyright 2025 ESPOL. Todos los derechos reservados.